Language Quiz

Random Language or Letter Quiz

Most Common 4 Letter Words: '_U__' Quiz Stats

Quiz not verified by Sporcle

Challenge
Share
Tweet
Embed
Score 0/50 Timer 08:00
0 Plays Today
RANK WORD % Correct
7PULL
92.1%
8FULL
86.8%
6SURE
84.2%
42BULL
81.6%
44CURE
81.6%
5MUST
80.3%
10PUSH
80.3%
16BURN
77.6%
25PURE
77.6%
21RUSH
73.7%
23LUCK
73.7%
34SUCK
73.7%
9RULE
72.4%
41BUSH
72.4%
13HURT
69.7%
22DUST
68.4%
33DUCK
68.4%
50****
66.7%
3TURN
64.5%
26BUCK
64.5%
43CUTE
64.5%
31HUNT
61.8%
1JUST
60.5%
36TUNE
59.2%
14JUMP
57.9%
RANK WORD % Correct
4SUCH
55.3%
35DUMP
55.3%
38TUCK
55.3%
17FUEL
53.9%
2MUCH
52.6%
15SUIT
46.1%
45BUTT
44.7%
49NUDE
44.7%
28QUIT
43.4%
32PUMP
43.4%
46DUMB
43.4%
18JURY
40.8%
40RUIN
40.8%
24BURY
39.5%
20BUSY
38.2%
12HUGE
36.8%
19DUTY
36.8%
30LUNG
32.9%
37OURS
32.9%
11FUND
31.6%
27TUBE
30.3%
47BULK
26.3%
39AUNT
23.7%
29AUTO
14.5%
48BULB
10.5%

You're not logged in!

Compare scores with friends on all Sporcle quizzes.
Join for Free
OR
Log In

You Might Also Like...

Show Comments

Extras

Created Nov 23, 2016ReportNominate
Tags:Letter Quiz, common, second

Top Quizzes Today


Score Distribution

Your Account Isn't Verified!

In order to create a playlist on Sporcle, you need to verify the email address you used during registration. Go to your Sporcle Settings to finish the process.

Report this User

Report this user for behavior that violates our Community Guidelines.

Details: